000 00761nam a2200253Ia 4500
003 OSt
005 20221007064346.0
006 a|||||r|||| 00| 0
007 ta
008 221006b |||||||| |||| 00| 0 eng d
020 _a9781316641071
024 _a45,606
037 _cTextual
040 _aFLL
_cFLL
_beng
041 _2eng
_aeng
082 _aU287:(Z73), Q2015
100 _aPEEL Jacqueline
_9685689
245 0 _aClimate change litigation
_b Regulatory pathways to cleaner energy
260 _aDelhi
_bCambridge University Press India
_c2015
300 _axv,352p.
_ccm.
700 _a OSOFSKY Hari M.
_9685690
942 _hU287:(Z73), Q2015
_cTEXL
_2CC
999 _c1133798
_d1133798